Visualizzazione normale
Vista MARC
- Sterpellone Luciano
di Personal Name
Records bibliografici associati: 1
001 - CONTROL NUMBER
- control field: 18226
003 - CONTROL NUMBER IDENTIFIER
- control field: IT-RoPau
005 - DATE AND TIME OF LATEST TRANSACTION
- control field: 20140402092159.0
008 - FIXED-LENGTH DATA ELEMENTS
- fixed length control field: 140402|| aca||aabn | a|a d
040 ## - CATALOGING SOURCE
- Original cataloging agency: IT-RoPau
- Transcribing agency: IT-RoPau
100 ## - HEADING--PERSONAL NAME
- Personal name: Sterpellone Luciano
- Miscellaneous information: Codice autore testo/musica SPICS: 27429
- Relator term: Autore testo/musica
- Name of part/section of a work: Felice con la mia mamma-Soy Muy Feliz
670 ## - SOURCE DATA FOUND
- Source citation: Work cat.: (IT-RoPau)103648: AA.VV. 794, Ventitreesimo Zecchino d'oro 1980